Loading...
| Fine Arts - Auditory Fine Arts | 1 | 9 | 2 | 0 | 95 | 52 | 119.60 | 1 | 7 |
| Fine Arts - Visual Fine Arts | 2 | 5 | 1 | 0 | 75 | 69 | 118.86 | 1 | 5 |
| Literature - American Literature | 0 | 6 | 1 | 0 | 55 | 110 | 138.00 | 1 | 2 |
| Literature - World Literature | 0 | 6 | 1 | 1 | 55 | 99 | 126.17 | 1 | 4 |
| Social Science | 0 | 5 | 0 | 1 | 50 | 113 | 129.60 | 0 | 4 |
| Literature - European Literature | 0 | 5 | 0 | 1 | 50 | 134 | 147.00 | 0 | 0 |
| History - European History | 1 | 3 | 0 | 2 | 45 | 71 | 119.25 | 1 | 1 |
| Literature - British Literature | 1 | 3 | 1 | 0 | 40 | 38 | 104.50 | 1 | 3 |
| History - World History | 0 | 4 | 1 | 2 | 35 | 132 | 141.75 | 0 | 0 |
| Religion | 0 | 3 | 0 | 0 | 30 | 115 | 127.33 | 0 | 0 |
| Mythology | 0 | 3 | 0 | 0 | 30 | 117 | 131.67 | 0 | 2 |
| History - American History | 0 | 3 | 0 | 1 | 30 | 93 | 117.67 | 1 | 2 |
| History - Ancient History | 0 | 3 | 2 | 2 | 20 | 141 | 144.67 | 0 | 0 |
| Philosophy | 0 | 1 | 0 | 0 | 10 | 139 | 139.00 | 0 | 0 |
| Other Academic | 0 | 1 | 0 | 0 | 10 | 157 | 157.00 | 0 | 0 |
| Geography | 0 | 1 | 2 | 0 | 0 | 145 | 145.00 | 0 | 1 |
| Science - Biology | 0 | 0 | 1 | 0 | -5 | 0.00 | 0 | 0 | |
| Science - Physics | 0 | 0 | 1 | 0 | -5 | 0.00 | 0 | 0 |